<?xml version="1.0" encoding="UTF-8"?>
<record
    xmlns:xsi="http://www.w3.org/2001/XMLSchema-instance"
    xsi:schemaLocation="http://www.loc.gov/MARC21/slim http://www.loc.gov/standards/marcxml/schema/MARC21slim.xsd"
    xmlns="http://www.loc.gov/MARC21/slim">

  <leader>00485nam a2200145Ia 4500</leader>
  <controlfield tag="008">230917s9999||||xx |||||||||||||| ||und||</controlfield>
  <datafield tag="040" ind1=" " ind2=" ">
    <subfield code="e">169378</subfield>
    <subfield code="a">MAIN</subfield>
  </datafield>
  <datafield tag="041" ind1=" " ind2=" ">
    <subfield code="a">English</subfield>
  </datafield>
  <datafield tag="082" ind1=" " ind2=" ">
    <subfield code="a">891.437731 KD155F</subfield>
  </datafield>
  <datafield tag="100" ind1=" " ind2=" ">
    <subfield code="a">&#x915;&#x938;&#x94D;&#x924;&#x942;&#x930;&#x940; &#x926;&#x93F;&#x928;&#x947;&#x936;</subfield>
  </datafield>
  <datafield tag="245" ind1=" " ind2="0">
    <subfield code="a">&#x92B;&#x94B;&#x915;&#x91F; &#x915;&#x93E; &#x91A;&#x928;&#x94D;&#x926;&#x928; &#x932;&#x917;&#x93E; &#x92E;&#x947;&#x930;&#x947; &#x928;&#x928;&#x94D;&#x926;&#x928;</subfield>
  </datafield>
  <datafield tag="260" ind1=" " ind2=" ">
    <subfield code="a">&#x930;&#x93E;&#x92F;&#x917;&#x922;&#x93C;</subfield>
    <subfield code="b">&#x928;&#x93F;&#x915;&#x947;&#x924; &#x938;&#x93E;&#x915;&#x947;&#x924; &#x92A;&#x94D;&#x930;&#x915;&#x93E;&#x936;&#x928;</subfield>
    <subfield code="c">1993</subfield>
  </datafield>
  <datafield tag="300" ind1=" " ind2=" ">
    <subfield code="a">99 &#x92A;&#x943;. p.</subfield>
  </datafield>
  <datafield tag="942" ind1=" " ind2=" ">
    <subfield code="c">HN</subfield>
  </datafield>
  <datafield tag="952" ind1=" " ind2=" ">
    <subfield code="0">0</subfield>
    <subfield code="1">0</subfield>
    <subfield code="4">0</subfield>
    <subfield code="6">891_437731000000000_KD155F</subfield>
    <subfield code="7">0</subfield>
    <subfield code="9">114416</subfield>
    <subfield code="a">MAIN</subfield>
    <subfield code="b">MAIN</subfield>
    <subfield code="d">2010-11-26</subfield>
    <subfield code="l">0</subfield>
    <subfield code="o">891.437731 KD155F</subfield>
    <subfield code="p">148308</subfield>
    <subfield code="r">2023-09-17 20:55:58</subfield>
    <subfield code="w">2023-09-17</subfield>
    <subfield code="y">HN</subfield>
  </datafield>
  <datafield tag="999" ind1=" " ind2=" ">
    <subfield code="c">73768</subfield>
    <subfield code="d">73768</subfield>
  </datafield>
</record>
